Statistics for Lock in Those Lyrics: Holiday Road

Click here to take the quiz!

General Stats

  • This quiz has been taken 21 times
  • The average score is 38 of 63

Answer Stats

LYRICS% Correct
I
94%
a
89%
a
89%
a
89%
Holiday
89%
Holiday
89%
Holiday
89%
Holiday
89%
Holiday
89%
Holiday
89%
Holiday
89%
Holiday
89%
Holiday
89%
Holiday
89%
Holiday
89%
Holiday
89%
Road.
89%
Road.
89%
Road.
89%
Road.
89%
Road.
89%
Road.
89%
Road.
89%
Road.
89%
Road.
89%
Road
89%
Road.
89%
Road
89%
be
72%
be
72%
the
67%
the
67%
on
61%
It's
50%
ago,
44%
ago,
44%
found
44%
Jack
44%
Jack
44%
long
44%
long
44%
Long
44%
long
44%
nimble,
44%
out
44%
quick,
44%
way
44%
way
44%
Coast
39%
down
39%
down
39%
kick,
39%
ride
39%
Take
39%
West
39%
I've
17%
back
11%
come
11%
ooh.
6%
ooh.
6%
ooh.
6%
ooh
6%
Ooh.
6%

Score Distribution

Percentile by Number Answered

Percent of People with Each Score

Your Score History

You have not taken this quiz